Elementary principles of chemical processes (Record no. 25348)

000 -LEADER
fixed length control field 00647nam a2200217 a 4500
001 - CONTROL NUMBER
control field 25348
003 - CONTROL NUMBER IDENTIFIER
control field BD-DhUET
008 - FIXED-LENGTH DATA ELEMENTS--GENERAL INFORMATION
fixed length control field 850517s1986 nyua b 001 0 eng
040 ## - CATALOGING SOURCE
Original cataloging agency DLC
Transcribing agency DLC
Modifying agency BD-DhUET
082 00 - DEWEY DECIMAL CLASSIFICATION NUMBER
Classification number 660.284
Item number FEL/1986
100 ## - MAIN ENTRY--PERSONAL NAME
Personal name Felder, Richard M.
245 10 - TITLE STATEMENT
Title Elementary principles of chemical processes
250 ## - EDITION STATEMENT
Edition statement 2nd ed.
260 ## - PUBLICATION, DISTRIBUTION, ETC. (IMPRINT)
Place of publication, distribution, etc. New York
Name of publisher, distributor, etc. John Wiley & Sons
Date of publication, distribution, etc. 1986
300 ## - PHYSICAL DESCRIPTION
Extent xix, 668 p.
Other physical details ill.
Dimensions 25 cm.
490 ## - SERIES STATEMENT
Series statement Wiley series in chemical engineering
504 ## - BIBLIOGRAPHY, ETC. NOTE
Bibliography, etc Includes bibliographies
650 #0 - SUBJECT ADDED ENTRY--TOPICAL TERM
Topical term or geographic name as entry element Chemical processes, Pressure, Temperature, Energy
700 ## - ADDED ENTRY--PERSONAL NAME
Personal name Rousseau, Ronald W.
942 ## - ADDED ENTRY ELEMENTS (KOHA)
Koha item type General Book
Holdings
Copy number Koha issues (times borrowed) Koha date last borrowed Date acquired Sublocation or collection (holding branch) Piece designation (barcode) Not for loan Koha normalized classification for sorting Lost status Price effective from Location (home branch) Koha date last seen Damaged status Shelving location Koha item type Koha full call number Withdrawn status Source of classification or shelving scheme
112022-11-212015-05-14Central Library, BUET70553 660_284000000000000_FEL_1986 2015-05-14Central Library, BUET2022-11-22 Circulation sectionGeneral Book660.284/FEL/1986  
212017-10-162015-05-14Central Library, BUET70552 660_284000000000000_FEL_1986 2015-05-14Central Library, BUET2017-12-13 Circulation sectionGeneral Book660.284/FEL/1986  
3  2015-06-20Central Library, BUET68089 660_284000000000000_FEL_1986 2015-06-20Central Library, BUET2015-06-20 Reading sectionReading Item660.284/FEL/1986  
4  2015-06-20Central Library, BUET68090 660_284000000000000_FEL_1986 2015-06-20Central Library, BUET2015-06-20 Reading sectionReading Item660.284/FEL/1986  
5  2015-06-20Central Library, BUET68092 660_284000000000000_FEL_1986 2015-06-20Central Library, BUET2015-06-20 Reading sectionReading Item660.284/FEL/1986  
6  2015-06-30Central Library, BUET68091 660_284000000000000_FEL_1986 2015-06-30Central Library, BUET2015-06-30 Reading sectionReading Item660.284/FEL/1986